O poruche ZUŽITKOVANIA TUKOV pri cukrovke

Bibliographic Details
Main Author: Kolesár, Pavol (Author)
Format: Article
Language:Slovak

MARC

LEADER 00000nab a2200000 a 4500
001 vtls011730823
003 SK-MaSNL
005 20260303112459.0
008 230121|1972 xo |||||||||||||||||slo
015 |a SNBRB 
035 |a (urnnbn)urn:nbn:sk:snk:ar-a05xbb 
035 |a urn:nbn:sk:snk-abf8n8 
035 |a (uuid)4374f8b3-2104-4965-aad9-84f4077168e6 
040 |a SNKBUCL  |b slo  |c SNKBUCL  |e AACR2 
041 0 |a slo 
044 |a xo  |c SK 
100 1 |a Kolesár, Pavol  |4 aut  |9 1111718 
245 1 0 |a O poruche ZUŽITKOVANIA TUKOV pri cukrovke  |c Pavol Kolesár 
773 0 |t Výživa a zdravie : časopis pre výživu a zdravý životný štýl  |g Roč. 17, č. 4 (1972), s. 77 
954 |a odborná, vedecká literatúra pôvodná (slovenská)  |2 lita 
958 |a OND 
958 |a EUIPO 
958 |a article24 
999 |c 1884821  |d 1886751